Cartoon Characters - Number of Fingers Multiple Choice - Statistics

General Stats
  • This quiz has been taken 53 times
  • The average score is 7 of 20
Answer Stats
Question Answer % Correct
Homer Simpson 4
80%
Peter Griffin 4
60%
Buttercup (Powerpuff Girls) 3 or fewer
50%
Mickey Mouse 4
50%
Calvin (Calvin and Hobbes) 4
50%
Bugs Bunny 4
40%
Fred Flintstone 4
40%
Yakko Warner (Animaniacs) 4
40%
Timmy Turner (The Fairly OddParents) 4
40%
Charlie Brown 5
40%
Spongebob Squarepants 4
30%
Garfield 4
30%
Gumball Watterson (The Amazing World of Gumball) 4
30%
Phineas (Phineas and Ferb) 4
30%
Rick Sanchez (Rick and Morty) 5
30%
Shaggy Rogers (Scooby Doo) 5
30%
Mordecai (Regular Show) 4
20%
Bojack Horseman 5
20%
Sonic the Hedgehog 5
10%
Dilbert 5
10%
No matching quizzes found
Score Distribution
Percent of People with Each Score
Percentile by Number Answered
Your Score History
You have not taken this quiz